Droga de americana! (Record no. 59362)

MARC details
000 -LÍDER
campo de controle de tamanho fixo 00362 a2200169 4500
001 - NÚMERO DE CONTROLE
campo de controle 59362
020 ## - ISBN - INTERNATIONAL STANDARD BOOK NUMBER
ISBN - International Standard Book Number 851603514X
040 ## - FONTE DA CATALOGAÇÃO
Instituição que transcreveu o registro Anchieta - Pituba
100 ## - ENTRADA PRINCIPAL--NOME PESSOAL
Nome pessoal Bandeira, Pedro
240 10 - TÍTULO UNIFORME
Título uniforme Droga de americana!
Idioma da obra por
245 10 - TÍTULO
Título Droga de americana!
300 ## - DESCRIÇÃO FÍSICA
Extensão 192
362 0# - DATAS DE PUBLICAÇÃO E/OU DESIGNAÇÃO SEQUENCIAL
Datas de publicação e/ou designação sequencial 2006
440 #1 - DECLARAÇÃO DE SÉRIE/ENTRADA ADICIONADA--TÍTULO
Título Moderna
650 #4 - ASSUNTO--TERMO TÓPICO
Cabeçalho tópico ou nome geográfico Literatura juvenil
942 ## - ELEMENTOS DE ENTRADA ADICIONADOS (KOHA)
Tipo de material Koha Livros
Holdings
Situação do descarte Situação das perdas Situação física Não pode ser emprestado Biblioteca de origem Biblioteca atual Data de aquisição Total de empréstimos Código de barras Data de último acesso Data do preço efetivo Tipo de material Koha Número de chamada completo Data do último empréstimo
        Colégio Anchieta - Pituba Colégio Anchieta - Pituba 21/11/2023   10448/PIT 21/11/2023 21/11/2023 Livros    
        Colégio Anchieta - Pituba Colégio Anchieta - Pituba 21/11/2023   17944/PIT 21/11/2023 21/11/2023 Livros LJ 028.5 B214d BAN DRO  
        Colégio Anchieta - Pituba Inspira 21/11/2023 1 14922/PIT 21/11/2023 21/11/2023 Livros LJ 028.5 B214d BAN DRO 21/11/2023